|
|
|
|
| LEADER |
03647nam a2200781 a 4500 |
| 001 |
nkc20091990218 |
| 003 |
CZ PrNK |
| 005 |
20100115085247.0 |
| 007 |
ta |
| 008 |
090817s2009 xr acehf 100 0 cze |
| 015 |
|
|
|a cnb001990218
|
| 020 |
|
|
|a 978-80-254-5274-5
|q (brož.)
|
| 035 |
|
|
|a (OCoLC)505914089
|
| 040 |
|
|
|a BOA001
|b cze
|d ABA001
|
| 043 |
|
|
|a e-xr---
|b e-xr-st
|2 czenas
|
| 045 |
|
|
|a u-v-
|
| 072 |
|
7 |
|a 27-78
|x Křesťanská sdružení, spolky a organizace. Řeholní řády
|2 Konspekt
|9 5
|
| 080 |
|
|
|a 27-789.9
|2 MRF
|
| 080 |
|
|
|a 378.094:27-789.9
|2 MRF
|
| 080 |
|
|
|a 37.014.521
|2 MRF
|
| 080 |
|
|
|a 27-4
|2 MRF
|
| 080 |
|
|
|a 27-58
|2 MRF
|
| 080 |
|
|
|a 027.2
|2 MRF
|
| 080 |
|
|
|a 27-662:316.74
|2 MRF
|
| 080 |
|
|
|a 72/76:904
|2 MRF
|
| 080 |
|
|
|a 2-6+316.72/.75
|2 MRF
|
| 080 |
|
|
|a (437.312)
|2 MRF
|
| 080 |
|
|
|a (062.534)
|2 MRF
|
| 111 |
2 |
|
|a Slánské rozhovory - Slaný a piaristé (kolokvium)
|d (2008 :
|c Slaný, Česko)
|7 mzk2009508241
|
| 245 |
1 |
0 |
|a Piaristé :
|b historie, osobnosti, literatura, umění : Slánské rozhovory 2008 /
|c [příspěvky uspořádali a sborník sestavili Dana a Vladimír Přibylovi]
|
| 246 |
1 |
|
|i Název v tiráži:
|a Slánské rozhovory 2008, Piaristé
|
| 246 |
3 |
0 |
|a Slánské rozhovory 2008
|
| 260 |
|
|
|a Slaný :
|b Město Slaný,
|c 2009
|
| 300 |
|
|
|a 76 s. :
|b il., portréty, plány, faksim. ;
|c 30 cm
|
| 500 |
|
|
|a Sborník příspěvků ke kolokviu Slánské rozhovory 2008 - Piaristé, které proběhlo 7. října 2008 v bývalé piaristické kolejní kapli Zasnoubení Panny Marie
|
| 500 |
|
|
|a 300 výt.
|
| 504 |
|
|
|a Obsahuje bibliografické odkazy
|
| 550 |
|
|
|a Vydavatel: Vlastivědné muzeum Slaný
|
| 610 |
2 |
7 |
|a Piaristé
|7 ko2008457623
|2 czenas
|
| 648 |
|
7 |
|a 17.-18. století
|7 ch757024
|2 czenas
|
| 650 |
0 |
7 |
|a piaristé
|7 ph124070
|z Česko
|y 17.-18. století
|2 czenas
|
| 650 |
0 |
7 |
|a piaristické koleje
|7 ph173212
|z Česko
|y 17.-18. století
|2 czenas
|
| 650 |
0 |
7 |
|a církevní školství
|7 ph114291
|z Česko
|y 17.-18. století
|2 czenas
|
| 650 |
0 |
7 |
|a křesťanská spiritualita
|7 ph138493
|z Česko
|y 17.-18. století
|2 czenas
|
| 650 |
0 |
7 |
|a církevní život
|7 ph119306
|z Česko
|y 17.-18. století
|2 czenas
|
| 650 |
0 |
7 |
|a klášterní knihovny
|7 ph121646
|z Česko
|y 17.-18. století
|2 czenas
|
| 650 |
0 |
7 |
|a křesťanství a kultura
|7 ph115078
|z Česko
|y 17.-18. století
|2 czenas
|
| 650 |
0 |
7 |
|a umělecké památky
|7 ph126896
|z Česko
|2 czenas
|
| 650 |
0 |
9 |
|a Piarists
|z Czechia
|y 17th-18th centuries
|2 eczenas
|
| 650 |
0 |
9 |
|a Piarist colleges
|z Czechia
|y 17th-18th centuries
|2 eczenas
|
| 650 |
0 |
9 |
|a church education
|z Czechia
|y 17th-18th centuries
|2 eczenas
|
| 650 |
0 |
9 |
|a church life
|z Czechia
|y 17th-18th centuries
|2 eczenas
|
| 650 |
0 |
9 |
|a Christian spirituality
|z Czechia
|y 17th-18th centuries
|2 eczenas
|
| 650 |
0 |
9 |
|a monastic libraries
|z Czechia
|y 17th-18th centuries
|2 eczenas
|
| 650 |
0 |
9 |
|a Christianity and culture
|z Czechia
|y 17th-18th centuries
|2 eczenas
|
| 650 |
0 |
9 |
|a artistic monuments
|z Czechia
|2 eczenas
|
| 651 |
|
7 |
|a Slaný (Česko)
|7 ge130834
|x náboženské a kulturní poměry
|y 17.-18. století
|2 czenas
|
| 651 |
|
9 |
|a Slaný (Czechia)
|x religious and cultural conditions
|y 17th-18th centuries
|2 eczenas
|
| 655 |
|
7 |
|a sborníky konferencí
|7 fd133333
|2 czenas
|
| 655 |
|
9 |
|a proceedings of conferences
|2 eczenas
|
| 700 |
1 |
|
|a Přibylová, Dana
|7 mzk2005306713
|4 com
|4 edt
|
| 700 |
1 |
|
|a Přibyl, Vladimír,
|d 1954-
|7 xx0003602
|4 com
|4 edt
|
| 710 |
2 |
|
|a Vlastivědné muzeum (Slaný, Česko)
|7 kn20020321005
|
| 910 |
2 |
|
|a BOA001
|b 4-1233.466
|
| 990 |
|
|
|a BK
|
| 995 |
|
|
|a 01
|
| 991 |
|
|
|b 200912
|c NOV
|
| 996 |
6 |
|
|b 2610404633
|c 4-1233.466
|l MZK
|r Sklad / do 1 hodiny
|n 11
|p p.v.
|w 001098967
|u 000010
|a 1
|e BOA001
|j MZK50
|s P
|